000 00626nam a22002297a 4500
005 20250506122241.0
008 250506b |||||||| |||| 00| 0 eng d
037 _cTB
040 _aLCT
_cLCT
041 _2eng
_aeng
_heng
084 _aZ,181 Q14
245 _aNew Company Law, 2013/
250 _a6th ed.
260 _aAllahabad:
_bCentral Law Agency,
_c2014
300 _axcix, 633p.
650 _aCompany Law
650 _aIndian economy
650 _aCompanies Act
650 _ae-governance
_9465253
650 _aBusiness organisations
_9754408
942 _2CC
_cTB
_hZ,181 Q14
_n0
999 _c1311818
_d1311818